00269nam a2200133Ia 45000030006000000080041000060400015000471000011000622450016000732600009000893000006000985460014001040050017001180STCL150530s9999 xx 000 0 und d aSTCLcSTCL aKarrur aPuvampazham c1985 a0 aMalayalam20220125171646.0